Responses for Show #3047 - Tuesday, November 25, 1997

Bob Harris game 3.

Contestants

[<< previous game]

Dave Zehner, a jury consultant from Chicago, Illinois

Jill Jones-Renger, a graduate teaching assistant from Columbus, Ohio

Bob Harris, a writer originally from Cleveland, Ohio (whose 2-day cash winnings total $22,300)

[next game >>]

Jeopardy! Round responses

GENERAL SCIENCE
BUSINESS & FINANCE
CROSSWORD CLUES "K"
ISLANDS
WINE
WOMEN AND SONG
    $100 1
Tulip

Bob
    $100 9
Interest

Bob
    $100 3
Kirk

Bob
    $100 16
Ireland

Bob
    $100 21
Australia

Dave
    $100 24
Madonna

Dave
    $200 2
North & south

Dave
    $200 10
Securities And Exchange Commission

Dave
    $200 7
knot

Jill
    $200 17
Oahu

Dave
    $200 22
Israel

Bob
    $200 25
Gloria Estefan

Jill
    $300 4
(Jill: What is the jet stream?)

a contrail (or jet trail)

Jill
Triple Stumper
    $300 11
Cargo

Bob
    $300 8
King

Bob
    $300 18
Sicily (Mt. Etna)

Bob
    $300 23
Portugal

Jill
    $300 26
Aretha Franklin

Jill
    $400 5
Uranus

Bob
    $400 12
(Dave: What is an ecu or ECU?)
(Bob: What is a mark?)

the eurodollar

BobDave
Triple Stumper
    $400 14
Kanga

Jill
    $400 19
(Dave: What is Prince Edward's Island?)

Prince Edward Island

BobDave
    $400 29
Cabernet Sauvignon

Jill
    $400 27
Courtney Love

Jill
    $500 6
(Dave: What is [**]?)
[Initially ruled incorrect; reversed because "no sooner have I said yes to Bob but that we get a reversal of our previous decision--[**] is in fact used as a synonym for [*], so Dave, we are going to credit you with a correct response."]

bioluminescence (phosphorescence accepted)

BobDave
    $500 13
(Bob: What is a hostile takeover?)

a proxy fight

BobDave
    $500 15
(Jill: What is KA?)

KS (for Kansas)

BobJill
    $500 20
Roanoke Island

Bob
    $500 30
a straw-covered flask

Triple Stumper
    $500 28
(Bob: Who is LeAnn Rimes?)

Jewel

Bob
Triple Stumper

Scores at the first commercial break (after clue 15):

Bob Jill Dave
$1,400 -$200 $1,000

Scores at the end of the Jeopardy! Round:

Bob Jill Dave
$2,400 $1,400 $1,000

Double Jeopardy! Round responses

MUSICAL INSTRUMENTS
MONTREALERS
HE WAS IN THAT?
EUROPEAN HISTORY
AWARDS
"POP" QUIZ
    $200 2
Organ

Jill
    $200 3
William Shatner

Dave
    $200 17
Jeff Goldblum

Bob
    $200 1
Troubles

Bob
    $200 16
Magazines

Dave
    $200 23
Hop on Pop

Triple Stumper
    $400 5
Benjamin Franklin

Bob
    $400 7
Montreal Canadiens

Jill
    $400 18
George Clooney

Jill
    $400 4
Pyramid schemes

Bob
    $400 22
Oliver North

Jill
    $400 24
Pop art

Jill
    $600 6
Piccolo

Jill
    $600 8
McGill University

Bob
    $600 19
Sean Connery

Jill
    $600 13
Serfs

Bob
    $600 26
Science fiction

Bob
    $600 25
The Good Ship Lollipop

Bob
    $1,000 9
(Alex: Did I hear snickering from people in the audience who did not believe that I was playing the [*]? Did you notice my fingerwork?)

Sitar

Bob
    $800 11
Pierre Trudeau

Bob
    $800 20
Hush....Hush, Sweet Charlotte

Jill
    $800 14
Cro-Magnon Man

Bob
    $800 27
Circles

Dave
    $800 29
Glen "Pop" Warner

Bob
    $1000 10
Banjo

Bob
    $1,000 12
(Bob: Who was [Grits teeth]... I don't have it!)
(Alex: If I said another one of his songs was "Suzanne Takes Your Hand", would you have gotten it?)

Leonard Cohen

Bob
    $1000 21
Herb Alpert

Bob
    $1000 15
Spanish Civil War

Bob
    $1000 28
(Jill: What is urban?)

landscape architects

Jill
Triple Stumper
    $1000 30
(Jill: What is poppycock?)

popinjay

Jill
Triple Stumper

Scores at the end of the Double Jeopardy! Round:

Bob Jill Dave
$11,400 $3,200 $2,200
(lock game)

[wagering suggestions for these scores]

Final Jeopardy! Round responses

NOVELS
DaveWhat the Great Gatsby?
$1,000
JillWhat is the great Gatsby
$1,201
BobWhat is Elmer Gantry?
$2,000
The Great Gatsby

Final scores:

Bob Jill Dave
$9,400 $4,401 $3,200
3-day champion: $31,700 2nd place: Trip to Plantation Inn, Ocho Rios, Jamaica 3rd place: Panasonic Digital Disc DVD Player

Game dynamics:

Coryat scores:

Bob Jill Dave
$12,200 $3,200 $2,200
28 R
(including 1 DD),
4 W
(including 1 DD)
15 R
(including 1 DD),
4 W
10 R,
2 W

Combined Coryat: $17,600

[game clues] [game scores] [suggest correction]

Game tape date: Unknown
The J! Archive is created by fans, for fans. Scraping, republication, monetization, and malicious use prohibited; this site may use cookies and collect identifying information. See terms. The Jeopardy! game show and all elements thereof, including but not limited to copyright and trademark thereto, are the property of Jeopardy Productions, Inc. and are protected under law. This website is not affiliated with, sponsored by, or operated by Jeopardy Productions, Inc. Join the discussion at JBoard.tv.